Footballeurs en C (par images). - Statistiques

Statistiques générales
  • Ce quiz a été pris 821 fois
  • Le résultat moyen est 17 sur 24
Statistiques - réponses
Par images Réponse % Correct
Edinson Cavani
99%
Thibaut Courtois
98%
Éric Cantona
97%
Johan Cruyff
96%
Iker Casillas
95%
Casemiro
93%
Petr Čech
91%
Roberto Carlos
91%
Giorgio Chiellini
89%
Dani Carvajal
87%
Fabio Cannavaro
87%
Cafu
86%
Djibril Cissé
85%
Ashley Cole
71%
Bobby Charlton
70%
Hernán Crespo
62%
Sol Campbell
60%
Grégory Coupet
58%
Cris
49%
Lorik Cana
42%
Rui Costa
40%
Tim Cahill
39%
Esteban Cambiasso
30%
José Luis Chilavert
18%
Aucun quiz correspondant
Distribution des résultats
% des personnes avec chaque résultat
Percentile par nombre de réponses
Votre historique - résultats
Vous n’avez pas pris ce quiz